[Event "Stay Safe Play From Home 259"]
[Site "Emanuel Lasker Arena"]
[Date "2020.06.28"]
[Round "3"]
[White "Justwatch"]
[Black "Lazieri3"]
[Result "0-1"]
[WhiteElo "1790"]
[BlackElo "2091"]
[Annotator "TA"]
[PlyCount "136"]
[EventDate "2020.06.28"]
[EventType "swiss (blitz)"]

{[%evp 9,136,-29,21,14,37,19,53,47,61,29,33,18,20,19,24,-8,0,-3,2,0,-4,-16,12,-2,-6,-4,-9,-18,-17,-22,-19,-30,-15,-130,-133,-141,-90,-97,-95,-84,-98,-127,-66,-66,-66,-66,-59,-189,-18,-29,-9,-20,66,69,101,87,81,62,64,64,75,-106,0,0,0,0,0,0,0,-1176,-652,-612,-149,-151,-161,-1185,-105,-113,-132,-29980,-29981,-12841,-26,-29984,-113,-102,-19,-113,0,0,0,0,12846,0,0,0,0,0,0,0,0,0,0,0,0,-12851,0,-12851,0,-12851,0,0,0,-12851,-12851,-27999,-27999,-27999,-27999,-27994,-27994,-27995,-27993,-27994,-27994,-27995,-27994,-27996,-27994]} 1. e4 c6 2. Nc3 d5 3. d3 dxe4 4. Nxe4 Nf6 5. Ng3 {[#]} Bg4 $146 ({Predecessor:} 5... g6 6. Nf3 Bg7 7. h4 Bg4 8. Be2 O-O 9. Ne5 Qa5+ 10. Kf1 Qxe5 11. Bxg4 Nxg4 12. Qxg4 {½-½ (23) Samblic,S (1944)-Cvitan,E (1652) Malinska 2014}) 6. Nf3 {B11: Caro-Kann: Two Knights Variation.} Nh5 7. Be2 Nxg3 8. hxg3 {White is slightly better.} e6 9. Bg5 Be7 {Strongly threatening ...Bxf3.} 10. Bxe7 Qxe7 11. Rh4 Bf5 12. Rf4 Bg6 13. Nh4 Nd7 14. Qd2 O-O-O 15. Ra4 a6 16. Qe3 Qc5 17. Qxc5 Nxc5 18. Rc4 Nd7 19. Nxg6 hxg6 20. O-O-O Rh2 21. Bf3 (21. Rh4 $11 Rxg2 22. Rf1) 21... Ne5 $17 22. Rh4 Rxh4 (22... Nxf3 $142 23. gxf3 Rxh4 24. gxh4 Rh8) 23. gxh4 Nxf3 24. gxf3 {[%mdl 4096] Endgame KR-KR} Rh8 25. Rh1 Kd8 (25... Rh5 $17 26. Kd2 g5) 26. Kd2 $15 Ke7 27. Ke3 Kf6 28. Kf4 (28. f4 $15) 28... e5+ $2 ({Black should try} 28... Rxh4+ $1 $19 29. Rxh4 g5+ {[%mdl 64] Double Attack} 30. Kg4 gxh4) 29. Kg4 $11 Ke6 30. f4 f5+ (30... exf4 $11 31. Kxf4 Kd6) 31. Kg5 $14 Kf7 {[%csl Gg6][%cal Rh8h5]} 32. fxe5 Rh5+ 33. Kf4 Ke6 34. d4 g5+ 35. Kf3 $2 (35. Kg3 $16 {and life is bright.}) 35... Rxh4 (35... gxh4 $17 36. Re1 g5) 36. Rxh4 $11 gxh4 $17 {KP-KP} 37. c3 g5 38. b3 b5 39. c4 $2 {[%mdl 8192]} (39. b4 $11) 39... bxc4 $19 40. bxc4 {[#]} c5 $1 {[%mdl 512]} 41. d5+ $17 (41. dxc5 Kxe5) 41... Kxe5 {...g4+ is the strong threat.} 42. a4 $2 (42. Kg2) 42... a5 $2 (42... g4+ $19 43. Kg2 f4) 43. Kg2 g4 44. Kh2 $2 {[%mdl 8192]} (44. f4+ $17 gxf3+ 45. Kxf3) 44... f4 45. Kg2 g3 $2 (45... f3+ $19 46. Kh2 Kf5) 46. fxg3 $2 {[%mdl 8192]} (46. f3 $11) 46... hxg3 $2 (46... fxg3 {mates} 47. Kf3 Kf5 48. d6 Ke6 49. Ke2 h3 50. d7 Kxd7 51. Kf3 g2 52. Kf2 Kd6 53. Kg1 Ke5 54. Kf2 Kf4 55. Ke1 g1=Q+ 56. Kd2 h2 57. Kc3 h1=Q 58. Kd3 Qd1+ {[%mdl 64] Double Attack} 59. Kc3 Qh8#) 47. Kh3 Kf5 ({Black should play} 47... Kf6 $17) 48. Kg2 $11 Kg4 (48... Kg6 $17) 49. d6 f3+ 50. Kg1 {Threatens to win with d7.} g2 $2 {[%mdl 8192] [#]} (50... Kh3 $11 51. d7 f2+ 52. Kf1 g2+ 53. Kxf2 Kh2) 51. Kf2 $2 (51. Kh2 $1 $18 Kf4 52. d7) 51... Kh3 52. d7 $1 {[%cal Rd7d8]} Kh2 53. d8=Q {[%cal Rd8h8]} g1=Q+ 54. Kxf3 {[%cal Rd8h8] KQ-KQ} Qf1+ 55. Ke4 Qxc4+ 56. Kf5 Qxa4 {White must now prevent ...Qc2+.} 57. Ke6 $2 {[%mdl 8192]} (57. Qd2+ $11 Kg3 58. Qe3+ Kh4 59. Qe1+ Kh3 60. Qe3+ Kg2 61. Qe2+ Kh3 62. Qe3+ Kh2 63. Qe2+ Kh1 64. Qf1+ Kh2 65. Qf2+ Kh3 66. Qf3+ Kh4 67. Qf2+ Kh3 68. Qf3+ Kh4 69. Qf2+ Kh3) 57... Kg2 $2 (57... Qc4+ $19 58. Kf5 a4 59. Qd2+ Kh1 60. Qe1+ Kg2) 58. Qh8 $2 {[%mdl 8192]} (58. Qd2+ $11 Kf1 59. Qd3+ Ke1 60. Qe3+ Kd1 61. Qg1+ Kd2 62. Qg5+ Kc3 63. Qe3+ Kb2 64. Qxc5) 58... Qg4+ $2 (58... Qb3+ $19 59. Kd6 a4 60. Qa8+ Kg3) 59. Kd6 c4 $2 ({Better is} 59... Qd4+ $19 60. Qxd4 cxd4 61. Kc7 d3 62. Kb6 d2 63. Kxa5 d1=Q 64. Kb5 Qd6 65. Kc4 Kf3 66. Kb3 Qd4 67. Ka3 Ke3 68. Kb3 Kd3 69. Ka2 Kc3 70. Ka1 Kc2+ 71. Ka2 Qb2#) 60. Kc5 {[#]} c3 $1 61. Qf8 $2 {[%mdl 8192]} (61. Qxc3 $11 Qc8+ 62. Kd4 Qd7+ 63. Kc4) 61... Qf3 62. Qxf3+ Kxf3 $19 {KP-KP. Black mates.} 63. Kb5 c2 64. Kxa5 c1=Q 65. Kb4 Qb1+ 66. Kc5 Ke4 67. Kc6 Qd3 {( -> ...Qd5+)} 68. Kc7 Qd4 {Accuracy: White = 60%, Black = 50%.} 0-1

[Event "Stay Safe Play From Home 259"]
[Site "Emanuel Lasker Arena"]
[Date "2020.06.28"]
[Round "3"]
[White "Mamba2001de"]
[Black "Bardellosport"]
[Result "0-1"]
[WhiteElo "1492"]
[BlackElo "2057"]
[Annotator "NA RC"]
[PlyCount "42"]
[EventDate "2020.06.28"]
[EventType "swiss (blitz)"]

1. e4 {[%emt 0:00:01]} e6 {[%emt 0:00:01]} 2. Nf3 {[%emt 0:00:00]} d5 {[%emt 0:00:01]} 3. exd5 {[%emt 0:00:01]} exd5 {[%emt 0:00:00]} 4. d4 {[%emt 0:00:01]} c6 {[%emt 0:00:00]} 5. Be2 {[%emt 0:00:01]} f5 {[%emt 0:00:00]} 6. O-O {[%emt 0:00:01]} Nf6 {[%emt 0:00:00]} 7. Bg5 {[%emt 0:00:01]} Be7 {[%emt 0:00:00]} 8. Bxf6 {[%emt 0:00:00]} Bxf6 {[%emt 0:00:01]} 9. Re1 {[%emt 0:00:00]} O-O {[%emt 0:00:00]} 10. h3 {[%emt 0:00:01]} g6 {[%emt 0:00:01]} 11. Nc3 {[%emt 0:00:01]} Bg7 {[%emt 0:00:00]} 12. a3 {[%emt 0:00:01]} Nd7 {[%emt 0:00:01]} 13. h4 {[%emt 0:00:04]} Nf6 {[%emt 0:00:01]} 14. Ng5 {[%emt 0:00:01]} Ne4 {[%emt 0:00:01]} 15. Ngxe4 {[%emt 0:00:03]} fxe4 {[%emt 0:00:00]} 16. Bg4 {[%emt 0:00:03]} Qxh4 {[%emt 0:00:02]} 17. Bxc8 {[%emt 0:00:03]} Qxf2+ {[%emt 0:00:01]} 18. Kh1 {[%emt 0:00:02]} Raxc8 {[%emt 0:00:01]} 19. Rf1 {[%emt 0:00:05]} Qh4+ {[%emt 0:00:02]} 20. Kg1 {[%emt 0:00:01]} Rxf1+ {[%emt 0:00:02]} 21. Qxf1 {[%emt 0:00:01]} Bxd4+ {[%emt 0:00:01] Mamba2001de gibt auf (Lag: Av=0.28s, max=0.6s)} 0-1

[Event "Stay Safe Play From Home 259"]
[Site "Emanuel Lasker Arena"]
[Date "2020.06.28"]
[Round "4"]
[White "Broken sword"]
[Black "Lazieri3"]
[Result "1-0"]
[WhiteElo "2459"]
[BlackElo "2096"]
[Annotator "TA"]
[PlyCount "89"]
[EventDate "2020.06.28"]
[EventType "swiss (blitz)"]

{[%evp 17,89,-13,22,20,153,139,181,172,226,223,226,44,445,167,284,250,255,196,202,196,274,266,275,266,281,250,285,260,349,360,392,372,373,177,260,251,274,208,389,382,433,420,419,424,452,441,485,376,499,425,555,556,837,468,476,430,391,350,353,338,356,314,410,410,477,441,820,616,1022,980,29989,29990,29992,29991]} 1. d4 c6 2. Nf3 d5 3. c4 Nf6 4. Nc3 Bf5 5. cxd5 cxd5 6. Qb3 Qb6 7. Qxb6 axb6 8. Bf4 e6 9. e3 Nc6 10. Bb5 {D14: Slav Defence: Exchange variation with ...Bf5.} Be7 (10... Bb4 $11) 11. Ne5 $1 $16 {[%cal Re5c6]} Rc8 {[#]} 12. Na4 $1 {[%cal Ra4b6] White is clearly better.} Bb4+ (12... O-O $142) 13. Ke2 $18 O-O {[#] Threatens to win with ...Nxe5.} 14. Nxb6 $2 {[#]} (14. Bxc6 $1 $18 bxc6 15. Rhc1 (15. Nxb6 Rc7 $16)) 14... Rcd8 $146 {[%mdl 8192] Loses the game.} ({Black should try} 14... Nxe5 $1 $14 15. Nxc8 Rxc8 16. Bxe5 Rc2+ 17. Kf1 Ne4) ({Predecessor:} 14... Nxd4+ 15. exd4 Rc2+ 16. Kf1 Ne4 17. Be3 Bd2 18. Bd3 Rxb2 19. Na4 Rb4 20. Bxe4 dxe4 21. Bxd2 Rxd4 {1-0 (29) Strunski,A (2238)-Reljic,R (2167) Boeblingen 2007}) 15. a3 $2 (15. Bxc6 Ba5 16. Nbd7 (16. Bxb7 Bxb6 17. Ba6 Nh5 $18) 16... Nxd7 17. Nxd7 bxc6 18. Nxf8) 15... Nxe5 (15... Na7 {keeps fighting.}) 16. Bxe5 Bd6 17. Bxd6 Rxd6 18. Na4 Rc8 (18... Rdd8 $142 19. Rhc1 Ne4) 19. Rhc1 Rdd8 20. f3 g5 21. h3 h5 22. Nb6 Rxc1 23. Rxc1 g4 24. hxg4 hxg4 25. Na4 (25. Rc8 $142 Rf8 26. Rxf8+ Kxf8 27. Nc8) 25... gxf3+ (25... Kg7 $142 26. Kf2 Rh8) 26. gxf3 Kf8 27. Nc5 b6 $2 (27... Rb8 {might work better.} 28. Na4 Kg7) 28. Na4 Nd7 29. Bxd7 Rxd7 30. Nxb6 {[%mdl 4096] Endgame KRB-KRN} Rb7 31. Rc6 Ke7 32. Na4 e5 33. Rb6 Rc7 34. Nc3 exd4 35. exd4 Be6 36. f4 Rc8 37. f5 Bxf5 38. Nxd5+ Kf8 39. Ne3 Be6 40. d5 Bh3 41. a4 {[%cal Ba3a4,Ba4a5][%mdl 32]} f5 (41... Ra8 $142 42. b3 Kg7) 42. Kf3 Rc1 43. a5 Rc2 44. Nxc2 f4 45. Kxf4 {Accuracy: White = 60%, Black = 19%.} 1-0

[Event "Stay Safe Play From Home 259"]
[Site "Emanuel Lasker Arena"]
[Date "2020.06.28"]
[Round "4"]
[White "Mepe_Nika"]
[Black "Mamba2001de"]
[Result "1-0"]
[WhiteElo "2388"]
[BlackElo "1491"]
[Annotator "NA"]
[PlyCount "61"]
[EventDate "2020.06.28"]
[EventType "swiss (blitz)"]

1. d4 {[%emt 0:00:01]} e6 {[%emt 0:00:01]} 2. Bf4 {[%emt 0:00:01]} Nf6 {[%emt 0:00:01]} 3. e3 {[%emt 0:00:01]} d5 {[%emt 0:00:01]} 4. c4 {[%emt 0:00:01]} Bd6 {[%emt 0:00:01]} 5. Bxd6 {[%emt 0:00:01]} Qxd6 {[%emt 0:00:01]} 6. Nc3 {[%emt 0:00:00]} dxc4 {[%emt 0:00:01]} 7. Bxc4 {[%emt 0:00:01]} Nbd7 {[%emt 0:00:00]} 8. Nf3 {[%emt 0:00:01]} Nb6 {[%emt 0:00:01]} 9. Bb3 {[%emt 0:00:01]} Bd7 {[%emt 0:00:01]} 10. O-O {[%emt 0:00:01]} O-O {[%emt 0:00:01]} 11. Ne5 {[%emt 0:00:00]} h6 {[%emt 0:00:02]} 12. Rc1 {[%emt 0:00:01]} Rac8 {[%emt 0:00:02]} 13. Qd3 {[%emt 0:00:01]} Qe7 {[%emt 0:00:02]} 14. Bc2 {[%emt 0:00:01]} g6 {[%emt 0:00:01]} 15. e4 {[%emt 0:00:02]} c5 {[%emt 0:00:09]} 16. dxc5 {[%emt 0:00:03]} Qxc5 {[%emt 0:00:02]} 17. Nxd7 {[%emt 0:00:01]} Nfxd7 {[%emt 0:00:03]} 18. Qh3 {[%emt 0:00:00]} Kg7 {[%emt 0:00:02]} 19. Bb1 {[%emt 0:00:00]} Nf6 {[%emt 0:00:04]} 20. Ne2 {[%emt 0:00:03]} Qg5 {[%emt 0:00:01]} 21. f4 {[%emt 0:00:02]} Qc5+ {[%emt 0:00:02]} 22. Rxc5 {[%emt 0:00:01]} Rxc5 {[%emt 0:00:01]} 23. Nc3 {[%emt 0:00:00]} Rh5 {[%emt 0:00:01]} 24. Qe3 {[%emt 0:00:02]} Ng4 {[%emt 0:00:01]} 25. Qg3 {[%emt 0:00:02]} f5 {[%emt 0:00:01]} 26. h3 {[%emt 0:00:02]} Nf6 {[%emt 0:00:01]} 27. e5 {[%emt 0:00:01]} Ne4 {[%emt 0:00:01]} 28. Nxe4 {[%emt 0:00:03]} fxe4 {[%emt 0:00:01]} 29. Bxe4 {[%emt 0:00:00]} Nc4 {[%emt 0:00:03]} 30. Qxg6+ {[%emt 0:00:01]} Kh8 {[%emt 0:00:01]} 31. Qh7# {[%emt 0:00:00] (Lag: Av=0.38s, max=0.9s)} 1-0

[Event "Stay Safe Play From Home 259"]
[Site "Emanuel Lasker Arena"]
[Date "2020.06.28"]
[Round "4"]
[White "Bardellosport"]
[Black "Jhhonnyy"]
[Result "0-1"]
[WhiteElo "2058"]
[BlackElo "2384"]
[Annotator "TA"]
[PlyCount "76"]
[EventDate "2020.06.28"]
[EventType "swiss (blitz)"]

{[%evp 9,76,-8,1,-28,-14,-38,-34,-34,-35,-42,-33,-101,-39,-168,-150,-216,-214,-621,-618,-693,-694,-1279,-1112,-1250,-1258,-1257,-1220,-1148,-802,-784,-775,-810,-800,-808,-786,-1143,-1057,-1073,-852,-1175,-1061,-1058,-1032,-1198,-1170,-1616,-1602,-1453,-904,-1427,-1458,-1599,-1439,-1449,-1366,-29952,-12453,-29976,-29977,-29976,-1287,-29977,-29978,-29974,-29975,-6612,-5631,-29990,-29991]} 1. d4 Nf6 2. e3 g6 3. f4 Bg7 4. Nf3 d6 5. Bd3 O-O 6. Qe2 {A45: Trompowsky Attack.} c5 7. c3 cxd4 8. exd4 {Black is slightly better.} Nc6 {[%cal Bb8c6,Bc6e5,Be5d3][%mdl 32]} 9. Nbd2 Re8 {[#] White must now prevent ...e5!} 10. Ne4 $146 {[#]} (10. Nc4 $15) ({Predecessor:} 10. O-O e5 11. fxe5 dxe5 12. Nxe5 Nxe5 13. dxe5 Ng4 14. Nf3 Nxe5 15. Nxe5 Rxe5 16. Qf3 {0-1 (41) Klein,H (1825)-Mueller,J (1850) Bad Wildungen 2000}) 10... e5 (10... Nxe4 $1 $17 11. Bxe4 e5 12. fxe5 dxe5 13. Bxc6 bxc6 14. dxe5 {[#]} Bxe5 $1 {[%mdl 512]} 15. Nxe5 Ba6) 11. Nxf6+ ({White should play} 11. Nxd6 $1 $15 Qxd6 12. fxe5) 11... Bxf6 $19 12. fxe5 (12. dxe5 $17 {might work better.} dxe5 13. O-O) 12... dxe5 13. dxe5 $2 (13. O-O exd4 14. Qd2) 13... Nxe5 14. Be4 {If only White now had time for 0-0....} Bf5 {And now ...Nd3+ would win.} 15. Bxf5 Nd3+ ({Worse is} 15... gxf5 16. O-O $11) 16. Kf1 Rxe2 17. Kxe2 gxf5 18. Rd1 Nxc1+ 19. Raxc1 Qe7+ 20. Kf2 Rd8 21. Re1 Qc5+ 22. Kg3 Kg7 23. h4 h5 24. Rcd1 Rxd1 25. Rxd1 a5 26. Rd2 a4 27. Kh2 a3 28. bxa3 Qxc3 29. Kg1 Qxa3 30. Kf2 Qc5+ 31. Ke2 b5 32. Kd1 Qc4 33. Rc2 Qd3+ 34. Rd2 Qb1+ 35. Ke2 Bc3 36. Rd3 Qxa2+ 37. Ke3 Bf6 38. Ne5 Bxe5 {White did not feel at home in the position after the opening. Accuracy: White = 23%, Black = 85%.} 0-1

[Event "Stay Safe Play From Home 259"]
[Site "Emanuel Lasker Arena"]
[Date "2020.06.28"]
[Round "4"]
[White "Trotsky"]
[Black "Justwatch"]
[Result "1-0"]
[WhiteElo "1551"]
[BlackElo "1785"]
[Annotator "NA RC"]
[PlyCount "25"]
[EventDate "2020.06.28"]
[EventType "swiss (blitz)"]
[TimeControl "60"]

1. d4 {[%emt 0:00:01]} Nf6 {[%emt 0:00:02]} 2. e3 {[%emt 0:00:00]} d6 {[%emt 0:00:01]} 3. c4 {[%emt 0:00:01]} g6 {[%emt 0:00:00]} 4. Nc3 {[%emt 0:00:01]} Bg7 {[%emt 0:00:00]} 5. Bd3 {[%emt 0:00:01]} O-O {[%emt 0:00:00]} 6. Qc2 {[%emt 0:00:00]} Nc6 {[%emt 0:00:00]} 7. Nf3 {[%emt 0:00:01]} e6 {[%emt 0:00:00]} 8. a3 {[%emt 0:00:00]} b6 {[%emt 0:00:00]} 9. Ng5 {[%emt 0:00:01]} a6 {[%emt 0:00:00]} 10. h4 {[%emt 0:00:01]} Ne7 {[%emt 0:00:00]} 11. h5 {[%emt 0:00:01]} Nf5 {[%emt 0:00:00]} 12. g4 {[%emt 0:00:02]} Ne7 {[%emt 0:00:01] Justwatch terk eder} 13. hxg6 {[%emt 0:00:02] (Lag: Av=0.44s, max=0.6s)} 1-0

[Event "Stay Safe Play From Home 259"]
[Site "Emanuel Lasker Arena"]
[Date "2020.06.28"]
[Round "5"]
[White "Broken sword"]
[Black "Bardellosport"]
[Result "1-0"]
[WhiteElo "2463"]
[BlackElo "2054"]
[Annotator "TA"]
[PlyCount "119"]
[EventDate "2020.06.28"]
[EventType "swiss (blitz)"]

{[%evp 9,119,13,25,21,38,-14,-11,-16,-15,-87,0,-3,23,0,0,-35,31,6,18,3,44,10,63,53,74,54,55,7,12,-2,9,10,104,41,89,77,85,37,55,55,55,55,103,103,108,77,156,85,307,300,267,135,141,83,83,83,87,75,264,74,128,128,144,144,135,128,12833,12835,12837,0,12837,12822,12837,12834,12834,12832,12840,128,12837,812,574,382,12843,0,12845,12845,29994,29995,29997,12843,29997,29996,29996,29997,29997,29994,29994,29993,29993,29992,29993,27999,12851,27999,12851,27999,12851,27999,12851,27999,27999,27999]} 1. d4 d6 2. c4 f5 3. Nc3 Nf6 4. Bg5 Nbd7 5. Nf3 g6 6. e3 {A85: Dutch Defence: 2 c4 Nf6 3 Nc3.} Bg7 7. d5 (7. Be2 $14) 7... O-O 8. Nd4 {And now Ne6 would win.The position is equal.} Nc5 {[#]} 9. Be2 $146 (9. f3 $11 {keeps the balance.}) ({Predecessor:} 9. Bxf6 Bxf6 10. Bd3 e5 11. dxe6 Nxe6 {½-½ (11) Borchert,C (2012)-Mueller,A (1935) Mecklenburg VP 2004}) 9... a5 (9... Nfe4 $17 10. h4 Nxc3 11. bxc3 Ne4) 10. O-O Nce4 11. Nxe4 Nxe4 12. Bf4 Be5 (12... a4 $15) 13. Bg3 Nxg3 14. hxg3 Bxd4 15. Qxd4 Bd7 ({Better is} 15... e5 $11 16. dxe6 Bxe6) 16. Bf3 $14 b6 17. b3 Qe8 18. a3 Qf7 19. b4 axb4 20. axb4 Rae8 (20... Qg7 $11) 21. Rfe1 (21. c5 $16) 21... e5 22. dxe6 $1 Bxe6 23. Rac1 Rc8 24. c5 bxc5 25. bxc5 dxc5 26. Qxc5 h6 27. Red1 g5 (27... Rfd8 $142) 28. Bc6 (28. Qa5 $142) 28... f4 $2 (28... Rfd8 $16 {was necessary.}) 29. exf4 $18 gxf4 30. gxf4 ({White should try} 30. Re1 $18 Rcd8 31. gxf4) 30... Qxf4 $16 31. Bd5 (31. Re1 $142 Rf5 32. Qe3 Qxe3 33. Rxe3) 31... Bxd5 32. Qxd5+ Qf7 33. Qd4 Rfd8 $2 (33... Qf6 $16) 34. Qc5 $2 (34. Qxd8+ $18 Rxd8 35. Rxd8+ Kg7 36. Rc8) 34... Rf8 ({Black should play} 34... Rxd1+ 35. Rxd1 Rf8) 35. Rd3 Kh7 36. Rf3 Qg7 {aiming for ...Rxf3.} 37. Rg3 Qf7 $2 {[%mdl 8192]} (37... Qf6 $16 38. Qc2+ Qf5) 38. Rcc3 $1 $18 {[%cal Rc3f3]} Qf5 39. Qc4 $2 (39. Qd4 $18 {[%csl Gg3][%cal Rd4g7]} Qf7 40. Qg4) 39... Qf4 $2 {[%mdl 8192]} (39... Qxf2+ $11 40. Kh2 Qf4) 40. Qc6 {White wants to mate with Qg6+.} Qf6 41. Qd7+ Qf7 42. Qd4 Qf6 43. Qd2 $2 (43. Qg4 $18 {and the rest is easy.} Kh8 44. Rc6 $1 {[%mdl 512]} Rg8 45. Qd4 Rxg3 46. Rxf6 Rxg2+ 47. Kxg2 Rg8+ 48. Kh2) 43... Qf4 $2 {[%mdl 8192]} (43... Rcd8 $16 44. Qc2+ (44. Rxc7+ Kh8 $16) 44... Kh8) 44. Qc2+ (44. Rce3 $142 Rcd8 45. Qc2+ Qf5 46. Re7+ Kh8 47. Qxc7 Rd1+ 48. Kh2 Qh5+ 49. Rh3) 44... Qf5 45. Rcd3 Rf6 $2 {[#]} (45... Rce8 46. Rd7+ (46. Qxc7+ Rf7 $16) 46... Kh8 47. Qxc7 (47. Qd2 Qf6 $16) 47... Re1+ 48. Kh2 Qh5+ 49. Rh3 Qe5+ 50. Qxe5+ Rxe5 51. Rxh6+ Kg8 52. Rg6+ Kh8) 46. Qc3 $2 ({White has to play} 46. Rgf3 $1 $18 {[%mdl 512] Threatening mate with Rd7+.} Qg6 47. Rxf6 Qxf6 48. Rd8+ {[%mdl 64] Discovered Attack} Kg7 49. Rxc8 Qa1+ 50. Kh2 Qe5+ 51. g3 Qh5+ 52. Kg1) 46... c5 $2 {[%mdl 8192] [#]} (46... Qxf2+ $11 47. Kh2 Rg8) 47. Rdf3 $1 {[%mdl 512]} Qe6 48. Rxf6 Qe1+ 49. Kh2 (49. Qxe1 $142 h5 50. Rf7+ Kh8 51. Qe5#) 49... Qe7 50. Qf3 Qg7 {[#]} 51. Rf7 $1 {[%mdl 64] Pin} Rg8 52. Rfxg7+ Rxg7 53. Rxg7+ Kxg7 54. Qc6 h5 55. Qxc5 (55. Qe6 $142 h4 56. Kh3 Kf8 57. Kxh4 c4 58. Qd7 Kg8 59. Kg5 Kh8 60. Kg6 Kg8 61. Qg7#) 55... Kg6 56. Qc4 Kg5 57. Qc3 {Qe5+ would kill now.} h4 58. g3 Kg4 59. gxh4 Kf5 60. Qd4 {Accuracy: White = 42%, Black = 36%.} 1-0

[Event "Stay Safe Play From Home 259"]
[Site "Emanuel Lasker Arena"]
[Date "2020.06.28"]
[Round "5"]
[White "Mamba2001de"]
[Black "Trotsky"]
[Result "0-1"]
[WhiteElo "1491"]
[BlackElo "1578"]
[Annotator "NA"]
[PlyCount "46"]
[EventDate "2020.06.28"]
[EventType "swiss (blitz)"]

1. e4 {[%emt 0:00:01]} c5 {[%emt 0:00:01]} 2. Nf3 {[%emt 0:00:01]} e6 {[%emt 0:00:00]} 3. c3 {[%emt 0:00:01]} d5 {[%emt 0:00:01]} 4. exd5 {[%emt 0:00:01]} exd5 {[%emt 0:00:01]} 5. d4 {[%emt 0:00:01]} Be6 {[%emt 0:00:01]} 6. Be3 {[%emt 0:00:01]} c4 {[%emt 0:00:01]} 7. Be2 {[%emt 0:00:02]} Nc6 {[%emt 0:00:01]} 8. O-O {[%emt 0:00:01]} Bd6 {[%emt 0:00:01]} 9. h3 {[%emt 0:00:01]} Qc7 {[%emt 0:00:00]} 10. Nh2 {[%emt 0:00:02]} O-O-O {[%emt 0:00:03]} 11. f4 {[%emt 0:00:01]} h5 {[%emt 0:00:01]} 12. Na3 {[%emt 0:00:02]} a6 {[%emt 0:00:02]} 13. Nc2 {[%emt 0:00:01]} Nh6 {[%emt 0:00:01]} 14. a3 {[%emt 0:00:01]} g5 {[%emt 0:00:01]} 15. g3 {[%emt 0:00:10]} gxf4 {[%emt 0:00:03]} 16. Bxf4 {[%emt 0:00:01]} Rdg8 {[%emt 0:00:03]} 17. Bxd6 {[%emt 0:00:02]} Qxd6 {[%emt 0:00:01]} 18. Qe1 {[%emt 0:00:06]} Ng4 {[%emt 0:00:04]} 19. Bxg4 {[%emt 0:00:04]} hxg4 {[%emt 0:00:01]} 20. h4 {[%emt 0:00:05]} f5 {[%emt 0:00:05]} 21. Ne3 {[%emt 0:00:05]} f4 {[%emt 0:00:02]} 22. gxf4 {[%emt 0:00:05]} g3 {[%emt 0:00:01]} 23. Nf3 {[%emt 0:00:03]} Bh3 {[%emt 0:00:10] Zeit (Lag: Av=0.28s, max=0.8s)} 0-1

[Event "Stay Safe Play From Home 259"]
[Site "Emanuel Lasker Arena"]
[Date "2020.06.28"]
[Round "5"]
[White "Klasman"]
[Black "Jhhonnyy"]
[Result "0-1"]
[WhiteElo "1247"]
[BlackElo "2389"]
[Annotator "TA"]
[PlyCount "50"]
[EventDate "2020.06.28"]
[EventType "swiss (blitz)"]

{[%evp 9,50,4,34,-3,-8,-12,20,0,0,2,0,-22,-22,-47,-21,-37,32,-71,-62,-78,-81,-97,-106,-103,-95,-264,-260,-254,-230,-237,-227,-270,-269,-277,-243,-271,-278,-288,-285,-286,-277,-258,-243]} 1. f4 d5 2. e3 c6 3. Nf3 g6 4. d4 Bg7 5. Bd3 Nh6 {[#]} 6. h3 $146 {A03: Bird's Opening with 1...d5.} ({Predecessor:} 6. O-O O-O 7. c4 Bf5 8. Nc3 Bxd3 9. Qxd3 dxc4 10. Qxc4 Nf5 11. Bd2 Nd7 12. Rad1 Rc8 13. Ne4 Nd6 14. Qd3 Nxe4 15. Qxe4 {½-½ (25) Just,W (2133)-Wichmann,C (2306) Leipzig 2018}) 6... O-O 7. O-O b6 8. Nbd2 {The position is equal.} Ba6 9. Bxa6 Nxa6 10. a3 Nc7 11. b4 Ne8 (11... Nf5 $5 {[%cal Rf5e3]} 12. Qe1 {[#]} c5 $1 $15 {[%mdl 512]}) 12. c3 Nf6 (12... Nf5 $15 13. Re1 e6) 13. Rf2 (13. g4 $14 {keeps the upper hand.}) 13... Nf5 $17 14. Qe2 Nd6 15. g4 Nfe4 16. Nxe4 Nxe4 17. Ng5 $2 {[#] Now White is beyond hope.} (17. Rg2 $17 {keeps fighting.}) 17... Nxf2 $19 18. Qxf2 h6 19. Nf3 a5 20. Bd2 axb4 21. cxb4 Qd6 22. Kg2 c5 {Black has a decisive advantage.} 23. dxc5 bxc5 24. bxc5 Qxc5 25. Bb4 Qb5 {Accuracy: White = 53%, Black = 68%.} 0-1